<?xml version="1.0" encoding="UTF-8"?>
<collection xmlns="http://www.loc.gov/MARC21/slim">
 <record>
  <leader>01251nam a2200241 a 4500</leader>
  <controlfield tag="001">TVCDKTCT1385</controlfield>
  <controlfield tag="003">Thư viện trường Cao đẳng Kỹ thuật Cao Thắng</controlfield>
  <controlfield tag="005">20170602101452.2</controlfield>
  <controlfield tag="008">050808</controlfield>
  <datafield tag="980" ind1="\" ind2="\">
   <subfield code="a">Thư viện Trường CĐ Kỹ Thuật Cao Thắng</subfield>
  </datafield>
  <datafield tag="024" ind1=" " ind2=" ">
   <subfield code="a">RG_1 #1 eb0 i1</subfield>
  </datafield>
  <datafield tag="041" ind1="0" ind2="#">
   <subfield code="a">vie</subfield>
  </datafield>
  <datafield tag="082" ind1="#" ind2="#">
   <subfield code="a">621.38 / </subfield>
   <subfield code="b">L312K-s</subfield>
  </datafield>
  <datafield tag="100" ind1="1" ind2="#">
   <subfield code="a">Bộ môn Điện</subfield>
  </datafield>
  <datafield tag="245" ind1="0" ind2="0">
   <subfield code="a">Linh kiện bán dẫn / </subfield>
   <subfield code="c">Bộ môn Điện</subfield>
  </datafield>
  <datafield tag="246" ind1="0" ind2="1">
   <subfield code="a">SystemTechnik</subfield>
  </datafield>
  <datafield tag="250" ind1="#" ind2="#">
   <subfield code="a">Tái bản lần thứ 3</subfield>
  </datafield>
  <datafield tag="260" ind1="#" ind2="#">
   <subfield code="a">Tp.HCM : </subfield>
   <subfield code="b">Bộ Môn Điện-Trung tâm dạy nghề Việt Đức , </subfield>
   <subfield code="c">2002</subfield>
  </datafield>
  <datafield tag="300" ind1="#" ind2="#">
   <subfield code="a">150tr. ; </subfield>
   <subfield code="c">27cm</subfield>
  </datafield>
  <datafield tag="520" ind1="#" ind2="#">
   <subfield code="a">Cuốn sách giải thích các tính chất và đường đặc tính của các linh kiện bán dẫn quan trọng nhất nhằm phục vụ cho việc thực hành thí nghiệm cơ bản. Nội dung cỏ bản bao gồm : Khái niệm chung ( bao gồm yêu cầu thí nghiệm, trình tự thí nghiệm ); phần thí nghiệm; lời giải; phụ lục...</subfield>
  </datafield>
  <datafield tag="650" ind1="#" ind2="4">
   <subfield code="a">Điện tử--Linh kiện</subfield>
  </datafield>
  <datafield tag="721" ind1="#" ind2="#">
   <subfield code="a">CNKT Điện</subfield>
  </datafield>
  <datafield tag="841" ind1="#" ind2="#">
   <subfield code="b">Kho Sách </subfield>
   <subfield code="j">100003032, 100003033, 100007442</subfield>
  </datafield>
 </record>
</collection>
